Vladimír Jansík

Bibliographic Details
Main Author: Svítková, Marta (Author)
Format: Article
Language:Slovak
PhysicalDescription:Fotogr.
ISSN:1335-0773
Subjects:

MARC

LEADER 00000nab a2200000 a 4500
001 vtls000887314
003 SK-MaSNL
005 20260304112132.0
008 250429c2004 xo 0 slo
015 |a SNBRB2004/10-29326 
035 |a CLN000238749 
035 |a urn:nbn:sk:snk-ab7c40 
035 |a (uuid)b19c2564-3e3e-4395-af49-ee6994403103 
035 |a (urnnbn)urn:nbn:sk:snk:ar-a07ijq 
035 |a (sysno)vtls000887314 
040 |a SNKBUCL  |b slo  |c SNKBUCL  |e AACR2 
041 0 |a slo 
044 |a xo  |c SK 
080 |a 77.04-051  |2 1997 
100 1 |a Svítková, Marta  |4 aut  |9 267604 
245 1 0 |a Vladimír Jansík  |c Marta Svítková 
300 |b Fotogr. 
600 1 7 |a Jansík, Vladimír  |x tvorba fotografická  |2 snkbucl  |9 1413637 
655 7 |a články z novín a časopisov  |2 snkbucl  |9 267496 
773 0 |t Fototip  |g Roč. 11, č. 9 (2004), s. 12-15  |x 1335-0773 
850 |a Slovenská národná knižnica 
852 |a Slovenská národná knižnica 
954 |a odborná, vedecká literatúra pôvodná (slovenská)  |2 lita 
958 |a article27 
958 |a SK 
958 |a OND 
958 |a EUIPO 
999 |c 2864366  |d 2866296